[Event "15th Bangkok Chess Club Open Blitz 2015"]
[Site "Dusit Thani, Pattaya"]
[Date "2015.04.15"]
[Round "15.1"]
[White "Grafil, Franz Robert"]
[Black "Bartel, Michal"]
[Result "0-1"]
[BlackElo "2381"]
[WhiteElo "2156"]
[LiveChessVersion "1.4.5"]

1. d4 {[%clk 0:03:03]} Nf6 {[%clk 0:03:04]} 2. c4 {[%clk 0:03:04]} c5
{[%clk 0:03:05]} 3. d5 {[%clk 0:03:04]} e6 {[%clk 0:03:06]} 4. Nc3
{[%clk 0:03:01]} exd5 {[%clk 0:03:07]} 5. cxd5 {[%clk 0:03:02]} d6
{[%clk 0:03:09]} 6. g3 {[%clk 0:03:03]} g6 {[%clk 0:03:10]} 7. Bg2
{[%clk 0:03:05]} Bg7 {[%clk 0:03:11]} 8. Nf3 {[%clk 0:03:05]} O-O
{[%clk 0:03:12]} 9. O-O {[%clk 0:03:06]} Re8 {[%clk 0:03:13]} 10. Bf4
{[%clk 0:03:07]} Nh5 {[%clk 0:03:12]} 11. Bg5 {[%clk 0:03:07]} Qb6
{[%clk 0:03:13]} 12. Qd2 {[%clk 0:02:47]} a6 {[%clk 0:03:08]} 13. Rab1
{[%clk 0:02:46]} Nd7 {[%clk 0:03:01]} 14. Rfe1 {[%clk 0:02:25]} Qc7
{[%clk 0:03:01]} 15. a3 {[%clk 0:02:14]} c4 {[%clk 0:02:58]} 16. e4
{[%clk 0:02:04]} Nc5 {[%clk 0:02:57]} 17. h3 {[%clk 0:01:35]} Nd3
{[%clk 0:02:17]} 18. Re2 {[%clk 0:01:26]} Nf6 {[%clk 0:02:16]} 19. Ne1
{[%clk 0:01:14]} Nc5 {[%clk 0:02:12]} 20. Nc2 {[%clk 0:00:59]} Nfd7
{[%clk 0:02:03]} 21. Be3 {[%clk 0:00:53]} Ne5 {[%clk 0:02:02]} 22. f4
{[%clk 0:00:49]} Ned3 {[%clk 0:02:00]} 23. Ne1 {[%clk 0:00:30]} Nb3
{[%clk 0:01:47]} 24. Qc2 {[%clk 0:00:27]} Nd4 {[%clk 0:01:47]} 25. Bxd4
{[%clk 0:00:26]} Bxd4+ {[%clk 0:01:48]} 26. Kh2 {[%clk 0:00:27]} Nc5
{[%clk 0:01:38]} 27. Nf3 {[%clk 0:00:27]} Bg7 {[%clk 0:01:38]} 28. Na4
{[%clk 0:00:10]} Nxa4 {[%clk 0:01:23]} 29. Qxa4 {[%clk 0:00:11]} b5
{[%clk 0:01:24]} 30. Qc2 {[%clk 0:00:12]} Qc5 {[%clk 0:01:15]} 31. Rd1
{[%clk 0:00:12]} Bd7 {[%clk 0:01:13]} 32. g4 {[%clk 0:00:13]} a5 {[%clk 0:01:13]}
33. e5 {[%clk 0:00:11]} b4 {[%clk 0:01:08]} 34. e6 {[%clk 0:00:10]} fxe6
{[%clk 0:01:04]} 35. dxe6 {[%clk 0:00:12]} Bc6 {[%clk 0:00:48]} 36. f5
{[%clk 0:00:12]} b3 {[%clk 0:00:44]} 37. Qb1 {[%clk 0:00:13]} Ra7
{[%clk 0:00:20]} 38. fxg6 {[%clk 0:00:13]} h6 {[%clk 0:00:18]} 39. Nh4
{[%clk 0:00:10]} Bxg2 {[%clk 0:00:16]} 40. Kxg2 {[%clk 0:00:10]} c3
{[%clk 0:00:14]} 41. bxc3 {[%clk 0:00:11]} Qxc3 {[%clk 0:00:15]} 42. Nf5
{[%clk 0:00:12]} b2 {[%clk 0:00:09]} 43. Nxg7 {[%clk 0:00:11]} Qxg7
{[%clk 0:00:10]} 44. Rxd6 {[%clk 0:00:09]} Rb7 {[%clk 0:00:08]} 45. Rd7
{[%clk 0:00:07]} Rxd7 {[%clk 0:00:08]} 46. exd7 {[%clk 0:00:08]} Rxe2+
{[%clk 0:00:10]} 47. Kf3 {[%clk 0:00:09]} Rd2 {[%clk 0:00:07]} 48. Qf5
{[%clk 0:00:07]} Qc3+ {[%clk 0:00:07]} 49. Ke4 {[%clk 0:00:08]} b1=Q+
{[%clk 0:00:06]} 50. Kf4 {[%clk 0:00:07]} Qxf5+ {[%clk 0:00:07]} 51. gxf5
{[%clk 0:00:07]} Rxd7 {[%clk 0:00:08]} 0-1

[Event "15th Bangkok Chess Club Open Blitz 2015"]
[Site "Dusit Thani, Pattaya"]
[Date "2015.04.15"]
[Round "15.2"]
[White "Roy, Prantik"]
[Black "Biag, Ivan Gil"]
[Result "*"]
[BlackElo "2328"]
[WhiteElo "2308"]
[LiveChessVersion "1.4.5"]

1. e4 {[%clk 0:03:02]} c6 {[%clk 0:03:00]} 2. d4 {[%clk 0:03:03]} d5
{[%clk 0:03:01]} 3. exd5 {[%clk 0:03:04]} cxd5 {[%clk 0:03:02]} 4. Bd3
{[%clk 0:03:05]} Nc6 {[%clk 0:03:03]} 5. c3 {[%clk 0:03:06]} Qc7 {[%clk 0:03:04]}
6. Ne2 {[%clk 0:03:07]} Bg4 {[%clk 0:03:00]} 7. Bf4 {[%clk 0:03:08]} Qxf4
{[%clk 0:02:49]} 8. Nxf4 {[%clk 0:03:08]} Bxd1 {[%clk 0:02:49]} 9. Kxd1
{[%clk 0:03:10]} e6 {[%clk 0:02:50]} 10. Nh5 {[%clk 0:03:08]} g6 {[%clk 0:02:47]}
11. Ng3 {[%clk 0:03:09]} Bd6 {[%clk 0:02:47]} 12. Nd2 {[%clk 0:03:09]} h5
{[%clk 0:02:47]} 13. Ne2 {[%clk 0:03:06]} Nf6 {[%clk 0:02:47]} 14. h3
{[%clk 0:03:06]} h4 {[%clk 0:02:43]} 15. Kc2 {[%clk 0:03:01]} Rc8
{[%clk 0:02:42]} 16. a3 {[%clk 0:03:00]} Rh5 {[%clk 0:02:42]} 17. Nf3
{[%clk 0:02:56]} Ne4 {[%clk 0:02:27]} 18. Bxe4 {[%clk 0:02:53]} dxe4
{[%clk 0:02:28]} 19. Nd2 {[%clk 0:02:54]} f5 {[%clk 0:02:25]} 20. f3
{[%clk 0:02:53]} exf3 {[%clk 0:02:18]} 21. Nxf3 {[%clk 0:02:54]} Kf7
{[%clk 0:02:14]} 22. Rad1 {[%clk 0:02:55]} Ne7 {[%clk 0:02:06]} 23. Ne5+
{[%clk 0:02:40]} Bxe5 {[%clk 0:02:03]} 24. dxe5 {[%clk 0:02:41]} Nd5
{[%clk 0:02:04]} 25. Rd3 {[%clk 0:02:41]} g5 {[%clk 0:01:58]} 26. Kb3
{[%clk 0:02:38]} Rhh8 {[%clk 0:01:39]} 27. c4 {[%clk 0:02:27]} Nb6
{[%clk 0:01:38]} 28. Rc1 {[%clk 0:02:28]} Rhd8 {[%clk 0:01:37]} 29. Rxd8
{[%clk 0:02:22]} Rxd8 {[%clk 0:01:37]} 30. c5 {[%clk 0:01:50]} Nd7
{[%clk 0:01:30]} 31. Nc3 {[%clk 0:01:37]} Nxc5+ {[%clk 0:01:27]} 32. Kc2
{[%clk 0:01:37]} a6 {[%clk 0:01:15]} 33. b4 {[%clk 0:01:37]} Nd7 {[%clk 0:01:16]}
34. Re1 {[%clk 0:01:34]} Nb6 {[%clk 0:01:10]} 35. a4 {[%clk 0:01:25]} Rd4
{[%clk 0:01:07]} 36. Kb3 {[%clk 0:01:19]} Rd3 {[%clk 0:01:04]} 37. Rd1
{[%clk 0:01:17]} Rxd1 {[%clk 0:01:00]} 38. Nxd1 {[%clk 0:01:18]} Nd7
{[%clk 0:01:01]} 39. Kc4 {[%clk 0:01:17]} Nxe5+ {[%clk 0:00:52]} 40. Kc5
{[%clk 0:01:18]} Nd3+ {[%clk 0:00:45]} 41. Kb6 {[%clk 0:01:17]} Nxb4
{[%clk 0:00:45]} 42. Kxb7 {[%clk 0:01:18]} e5 {[%clk 0:00:39]} 43. Kb6
{[%clk 0:01:19]} f4 {[%clk 0:00:31]} 44. Ka5 {[%clk 0:01:20]} Nc2
{[%clk 0:00:31]} 45. Kxa6 {[%clk 0:01:15]} Ne3 {[%clk 0:00:32]} 46. Nf2
{[%clk 0:01:13]} Nxg2 {[%clk 0:00:10]} 47. Kb7 {[%clk 0:01:10]} e4
{[%clk 0:00:03]} 48. Nxe4 {[%clk 0:01:09]} *

[Event "15th Bangkok Chess Club Open Blitz 2015"]
[Site "Dusit Thani, Pattaya"]
[Date "2015.04.15"]
[Round "15.3"]
[White "Gavilan, Arnulfo"]
[Black "Alahakoon, Isuru"]
[Result "*"]
[BlackElo "2152"]
[WhiteElo "2244"]
[LiveChessVersion "1.4.5"]

1. e4 {[%clk 0:03:02]} c5 {[%clk 0:03:03]} 2. Nf3 {[%clk 0:03:01]} d6
{[%clk 0:03:04]} 3. Bc4 {[%clk 0:03:01]} Nf6 {[%clk 0:03:00]} 4. c3
{[%clk 0:03:02]} e6 {[%clk 0:02:56]} 5. O-O {[%clk 0:03:01]} d5 {[%clk 0:02:51]}
6. exd5 {[%clk 0:02:59]} exd5 {[%clk 0:02:51]} 7. Re1+ {[%clk 0:03:00]} Be7
{[%clk 0:02:51]} 8. Bb5+ {[%clk 0:02:59]} Nc6 {[%clk 0:02:50]} 9. d4
{[%clk 0:02:59]} O-O {[%clk 0:02:49]} 10. h3 {[%clk 0:02:57]} a6 {[%clk 0:02:48]}
11. Ba4 {[%clk 0:02:58]} cxd4 {[%clk 0:02:46]} 12. Nxd4 {[%clk 0:02:58]} Ne4
{[%clk 0:02:37]} 13. Bxc6 {[%clk 0:02:48]} bxc6 {[%clk 0:02:31]} 14. Nxc6
{[%clk 0:02:45]} Qc7 {[%clk 0:02:30]} 15. Nxe7+ {[%clk 0:02:42]} Qxe7
{[%clk 0:02:29]} 16. f3 {[%clk 0:02:30]} Qc5+ {[%clk 0:01:37]} 17. Be3
{[%clk 0:02:28]} Qb5 {[%clk 0:01:38]} 18. fxe4 {[%clk 0:02:26]} Qxb2
{[%clk 0:01:39]} 19. Nd2 {[%clk 0:02:16]} Qxc3 {[%clk 0:01:37]} 20. exd5
{[%clk 0:02:15]} Bb7 {[%clk 0:01:36]} 21. Nf3 {[%clk 0:02:14]} Rad8
{[%clk 0:01:36]} 22. Qb3 {[%clk 0:01:44]} Qc7 {[%clk 0:01:20]} 23. Bb6
{[%clk 0:01:38]} Qd7 {[%clk 0:01:09]} 24. Bxd8 {[%clk 0:01:36]} Bxd5
{[%clk 0:01:06]} 25. Qd3 {[%clk 0:01:28]} Rxd8 {[%clk 0:01:05]} 26. Rad1
{[%clk 0:01:27]} Qa7+ {[%clk 0:01:03]} 27. Qd4 {[%clk 0:01:27]} Qb7
{[%clk 0:01:02]} 28. Qxd5 {[%clk 0:01:13]} *

[Event "15th Bangkok Chess Club Open Blitz 2015"]
[Site "Dusit Thani, Pattaya"]
[Date "2015.04.15"]
[Round "15.4"]
[White "Wang, Hao"]
[Black "Barbosa, Oliver"]
[Result "*"]
[BlackElo "2610"]
[WhiteElo "2705"]
[LiveChessVersion "1.4.5"]

1. d4 {[%clk 0:03:03]} Nf6 {[%clk 0:03:01]} 2. c4 {[%clk 0:03:04]} e6
{[%clk 0:03:01]} 3. Nc3 {[%clk 0:03:05]} Bb4 {[%clk 0:03:01]} 4. e3
{[%clk 0:03:06]} d5 {[%clk 0:03:00]} 5. Nf3 {[%clk 0:03:07]} O-O {[%clk 0:02:57]}
6. Bd3 {[%clk 0:03:08]} c5 {[%clk 0:02:47]} 7. O-O {[%clk 0:03:08]} cxd4
{[%clk 0:02:39]} 8. exd4 {[%clk 0:03:09]} dxc4 {[%clk 0:02:37]} 9. Bxc4
{[%clk 0:03:09]} Bxc3 {[%clk 0:02:33]} 10. bxc3 {[%clk 0:03:10]} Qc7
{[%clk 0:02:33]} 11. Qe2 {[%clk 0:03:04]} b6 {[%clk 0:02:33]} 12. Bb2
{[%clk 0:02:44]} Bb7 {[%clk 0:02:31]} 13. Bd3 {[%clk 0:02:44]} Nbd7
{[%clk 0:02:27]} 14. c4 {[%clk 0:02:44]} Qf4 {[%clk 0:02:19]} 15. Qe3
{[%clk 0:02:44]} Qc7 {[%clk 0:02:11]} 16. h3 {[%clk 0:02:42]} Rac8
{[%clk 0:01:53]} 17. Rfe1 {[%clk 0:02:34]} Rfd8 {[%clk 0:01:44]} 18. a4
{[%clk 0:02:32]} Nh5 {[%clk 0:01:31]} 19. Bf1 {[%clk 0:02:28]} Qf4
{[%clk 0:01:22]} 20. Nd2 {[%clk 0:01:40]} Qxe3 {[%clk 0:01:18]} 21. Rxe3
{[%clk 0:01:37]} Nhf6 {[%clk 0:00:59]} 22. a5 {[%clk 0:01:38]} Ne8
{[%clk 0:00:55]} 23. Ba3 {[%clk 0:01:35]} Ndf6 {[%clk 0:00:53]} 24. Nb3
{[%clk 0:01:33]} Nd6 {[%clk 0:00:49]} 25. Rc3 {[%clk 0:00:54]} Nb5
{[%clk 0:00:45]} 26. Rcc1 {[%clk 0:00:54]} Nxd4 {[%clk 0:00:42]} 27. Nxd4
{[%clk 0:00:55]} Rxd4 {[%clk 0:00:43]} 28. Rab1 {[%clk 0:00:42]} Be4
{[%clk 0:00:43]} 29. Rb3 {[%clk 0:00:40]} bxa5 {[%clk 0:00:36]} 30. Rb5
{[%clk 0:00:41]} Bd3 {[%clk 0:00:26]} 31. Rd1 {[%clk 0:00:38]} Bxc4
{[%clk 0:00:05]} 32. Rxd4 {[%clk 0:00:37]} Bxb5 {[%clk 0:00:05]} 33. Bxb5
{[%clk 0:00:37]} h5 {[%clk 0:00:05]} 34. Ra4 {[%clk 0:00:35]} Rb8
{[%clk 0:00:04]} 35. Rxa5 {[%clk 0:00:35]} Ne4 {[%clk 0:00:04]} 36. Bd3
{[%clk 0:00:33]} Nf6 {[%clk 0:00:03]} 37. Rxa7 {[%clk 0:00:32]} Nd5
{[%clk 0:00:04]} 38. Bd6 {[%clk 0:00:30]} Rd8 {[%clk 0:00:04]} 39. Bc5
{[%clk 0:00:29]} Nf4 {[%clk 0:00:05]} 40. Bf1 {[%clk 0:00:24]} g6
{[%clk 0:00:05]} 41. g3 {[%clk 0:00:23]} Nd5 {[%clk 0:00:06]} 42. h4
{[%clk 0:00:23]} Nc3 {[%clk 0:00:06]} 43. Kg2 {[%clk 0:00:19]} Nd5
{[%clk 0:00:06]} 44. Kf3 {[%clk 0:00:18]} Rc8 {[%clk 0:00:05]} 45. Bd4
{[%clk 0:00:19]} Rd8 {[%clk 0:00:04]} 46. Be2 {[%clk 0:00:18]} Nb4
{[%clk 0:00:05]} 47. Bc3 {[%clk 0:00:17]} Nd5 {[%clk 0:00:05]} 48. Be5
{[%clk 0:00:16]} Nb4 {[%clk 0:00:06]} 49. Bf6 {[%clk 0:00:12]} Rc8
{[%clk 0:00:05]} 50. Rb7 {[%clk 0:00:12]} Nd5 {[%clk 0:00:06]} 51. Be5
{[%clk 0:00:13]} Ra8 {[%clk 0:00:06]} 52. Rb8+ {[%clk 0:00:13]} *

[Event "15th Bangkok Chess Club Open Blitz 2015"]
[Site "Dusit Thani, Pattaya"]
[Date "2015.04.15"]
[Round "15.5"]
[White "Dragun, Kamil"]
[Black "Socko, Bartosz"]
[Result "*"]
[BlackElo "2623"]
[WhiteElo "2537"]
[LiveChessVersion "1.4.5"]

1. d4 {[%clk 0:03:03]} Nf6 {[%clk 0:03:03]} 2. c4 {[%clk 0:03:04]} g6
{[%clk 0:03:04]} 3. Nc3 {[%clk 0:03:05]} Bg7 {[%clk 0:03:05]} 4. e4
{[%clk 0:03:06]} d6 {[%clk 0:03:06]} 5. Nf3 {[%clk 0:03:07]} Bg4 {[%clk 0:03:07]}
6. Be2 {[%clk 0:03:07]} O-O {[%clk 0:03:07]} 7. O-O {[%clk 0:03:06]} Nfd7
{[%clk 0:03:07]} 8. Be3 {[%clk 0:03:04]} c5 {[%clk 0:03:08]} 9. d5
{[%clk 0:03:01]} Na6 {[%clk 0:03:02]} 10. Ne1 {[%clk 0:02:54]} Bxe2
{[%clk 0:02:57]} 11. Qxe2 {[%clk 0:02:55]} Nc7 {[%clk 0:02:57]} 12. Nd3
{[%clk 0:02:56]} Bxc3 {[%clk 0:02:52]} 13. bxc3 {[%clk 0:02:57]} e5
{[%clk 0:02:52]} 14. f4 {[%clk 0:02:26]} exf4 {[%clk 0:02:39]} 15. Bxf4
{[%clk 0:02:26]} Qe7 {[%clk 0:02:40]} 16. Rae1 {[%clk 0:02:25]} f6
{[%clk 0:02:38]} 17. Qe3 {[%clk 0:01:58]} Ne5 {[%clk 0:02:22]} 18. Nxe5
{[%clk 0:01:47]} dxe5 {[%clk 0:02:21]} 19. Bh6 {[%clk 0:01:48]} Rf7
{[%clk 0:02:22]} 20. h4 {[%clk 0:01:49]} Ne8 {[%clk 0:02:19]} 21. g4
{[%clk 0:01:48]} Nd6 {[%clk 0:02:15]} 22. Qe2 {[%clk 0:01:39]} Qd7
{[%clk 0:02:04]} 23. Rf2 {[%clk 0:01:33]} a6 {[%clk 0:01:25]} 24. Ref1
{[%clk 0:01:34]} Qe7 {[%clk 0:01:26]} 25. Re1 {[%clk 0:01:04]} Kh8
{[%clk 0:01:25]} 26. g5 {[%clk 0:01:02]} fxg5 {[%clk 0:01:17]} 27. Bxg5
{[%clk 0:01:02]} Qd7 {[%clk 0:01:02]} 28. Ref1 {[%clk 0:00:56]} Raf8
{[%clk 0:00:59]} 29. Bf6+ {[%clk 0:00:55]} Kg8 {[%clk 0:00:59]} 30. Bxe5
{[%clk 0:00:55]} Rxf2 {[%clk 0:00:38]} 31. Rxf2 {[%clk 0:00:56]} Re8
{[%clk 0:00:28]} 32. Bxd6 {[%clk 0:00:53]} Qxd6 {[%clk 0:00:29]} 33. Qf3
{[%clk 0:00:53]} Qe7 {[%clk 0:00:27]} 34. d6 {[%clk 0:00:38]} Qe6
{[%clk 0:00:23]} 35. e5 {[%clk 0:00:28]} Qxe5 {[%clk 0:00:21]} 36. d7
{[%clk 0:00:26]} Rd8 {[%clk 0:00:21]} 37. Qf7+ {[%clk 0:00:23]} Kh8
{[%clk 0:00:22]} 38. h5 {[%clk 0:00:17]} Qg3+ {[%clk 0:00:16]} 39. Rg2
{[%clk 0:00:06]} Qe1+ {[%clk 0:00:16]} 40. Kh2 {[%clk 0:00:07]} Qh4+
{[%clk 0:00:17]} 41. Kg1 {[%clk 0:00:08]} Qe1+ {[%clk 0:00:18]} 42. Kh2
{[%clk 0:00:10]} Qe5+ {[%clk 0:00:16]} 43. Kg1 {[%clk 0:00:11]} Qe1+
{[%clk 0:00:08]} 44. Kh2 {[%clk 0:00:13]} Qh4+ {[%clk 0:00:09]} 45. Kg1
{[%clk 0:00:14]} Qe1+ {[%clk 0:00:06]} 46. Kh2 {[%clk 0:00:16]} Qe5+
{[%clk 0:00:06]} 47. Kg1 {[%clk 0:00:17]} *

[Event "15th Bangkok Chess Club Open Blitz 2015"]
[Site "Dusit Thani, Pattaya"]
[Date "2015.04.15"]
[Round "15.6"]
[White "Hemant, Sharma"]
[Black "Laylo, Darwin"]
[Result "*"]
[BlackElo "2465"]
[WhiteElo "2325"]
[LiveChessVersion "1.4.5"]

1. c4 {[%clk 0:03:02]} c6 {[%clk 0:03:03]} 2. e4 {[%clk 0:03:03]} d5
{[%clk 0:03:04]} 3. exd5 {[%clk 0:03:04]} cxd5 {[%clk 0:03:06]} 4. d4
{[%clk 0:03:06]} Nf6 {[%clk 0:03:07]} 5. Nc3 {[%clk 0:03:07]} Nc6
{[%clk 0:03:08]} 6. Bg5 {[%clk 0:03:08]} Be6 {[%clk 0:03:08]} 7. Nf3
{[%clk 0:03:06]} Ne4 {[%clk 0:03:06]} 8. cxd5 {[%clk 0:03:00]} Bxd5
{[%clk 0:03:00]} 9. Be3 {[%clk 0:03:00]} e6 {[%clk 0:02:58]} 10. Bb5
{[%clk 0:02:59]} Bb4 {[%clk 0:02:56]} 11. Rc1 {[%clk 0:02:56]} Qa5
{[%clk 0:02:55]} 12. Bxc6+ {[%clk 0:02:56]} Bxc6 {[%clk 0:02:50]} 13. Qb3
{[%clk 0:02:55]} O-O {[%clk 0:02:41]} 14. O-O {[%clk 0:02:56]} Nxc3
{[%clk 0:02:42]} 15. bxc3 {[%clk 0:02:58]} Ba3 {[%clk 0:02:43]} 16. Rb1
{[%clk 0:02:55]} Bxf3 {[%clk 0:02:42]} 17. gxf3 {[%clk 0:02:56]} b6
{[%clk 0:02:43]} 18. Kh1 {[%clk 0:02:56]} Rac8 {[%clk 0:02:43]} 19. c4
{[%clk 0:02:57]} Bd6 {[%clk 0:02:39]} 20. Rg1 {[%clk 0:02:42]} Qh5
{[%clk 0:02:39]} 21. Rg2 {[%clk 0:02:37]} Rfd8 {[%clk 0:02:17]} 22. f4
{[%clk 0:02:34]} g6 {[%clk 0:02:03]} 23. Rg3 {[%clk 0:02:28]} Qf5
{[%clk 0:01:59]} 24. Rc1 {[%clk 0:02:27]} h5 {[%clk 0:01:43]} 25. Kg1
{[%clk 0:02:28]} Qe4 {[%clk 0:01:42]} 26. Qc2 {[%clk 0:02:27]} Qxc2
{[%clk 0:01:39]} 27. Rxc2 {[%clk 0:02:29]} Rc6 {[%clk 0:01:39]} 28. Rg5
{[%clk 0:02:24]} Rdc8 {[%clk 0:01:38]} 29. c5 {[%clk 0:02:25]} Be7
{[%clk 0:01:39]} 30. Re5 {[%clk 0:02:23]} Bd6 {[%clk 0:01:14]} 31. Re4
{[%clk 0:02:16]} Bb8 {[%clk 0:01:01]} 32. Kg2 {[%clk 0:02:13]} f5
{[%clk 0:01:00]} 33. d5 {[%clk 0:02:13]} exd5 {[%clk 0:00:52]} 34. Re7
{[%clk 0:02:09]} bxc5 35. Rb2 d4 {[%clk 0:00:52]} 36. Rbb7 {[%clk 0:02:12]} Bc7
{[%clk 0:00:35]} 37. Bd2 {[%clk 0:02:13]} c4 {[%clk 0:00:32]} 38. Ba5
{[%clk 0:02:15]} c3 {[%clk 0:00:31]} 39. Bxc7 {[%clk 0:02:14]} g5
{[%clk 0:00:13]} 40. Be5 {[%clk 0:02:14]} Rg6 {[%clk 0:00:13]} 41. Bxd4
{[%clk 0:02:12]} c2 {[%clk 0:00:14]} 42. Bb2 {[%clk 0:02:11]} gxf4+
{[%clk 0:00:13]} 43. Kf3 {[%clk 0:02:13]} Rg4 44. Bc1 *